[Event "World Team-ch Open 2019"]
[Site "Astana"]
[Date "2019.03.06"]
[Round "2.20"]
[White "Makhnev, Denis"]
[Black "Smith, Axel"]
[Result "1/2-1/2"]
[WhiteElo "2476"]
[BlackElo "2487"]
[Annotator "TA"]
[PlyCount "72"]
[EventDate "2019.02.05"]
[EventType "team-tourn"]
[EventCountry "KAZ"]
[SourceTitle "playchess.com"]
[Source "ChessBase"]
[SourceQuality "1"]
[WhiteTeam "Kazakhstan"]
[BlackTeam "Sweden"]
[WhiteTeamCountry "KAZ"]
[BlackTeamCountry "SWE"]

{[%evp 10,72,10,0,0,5,9,14,11,7,14,14,20,0,13,0,-1,-3,17,8,17,14,22,22,29,24,24,18,24,23,25,12,47,50,41,26,30,21,35,0,0,0,0,0,0,0,0,0,0,0,0,0,0,0,0,0,0,0,0,0,10,10,10,0,0]} 1. d4 d5 2. c4 c6 3. Nf3 Nf6 4. Qc2 dxc4 5. Qxc4 Bg4 6. Nbd2 Nbd7 {D23: Queen's Gambit Accepted: 3 Nf3 Nf6 sidelines} 7. g3 e6 8. Bg2 Be7 9. O-O O-O 10. Qb3 Nb6 (10... b5 11. h3 Bh5 12. g4 Bg6 13. Nh4 Qb6 14. Nxg6 hxg6 {½-½ (63) Mamedyarov,S (2817)-Gozzoli,Y (2630) chess.com INT 2019}) 11. e3 a5 12. a4 $146 ({Predecessor:} 12. Ne5 a4 13. Qc2 Bf5 14. e4 {0-1 (62) Gritsak,O (2474)-Rosberg,S (2318) Gothenburg 2017}) 12... Nfd7 13. Ne4 Bb4 14. Bd2 Bxf3 15. Bxf3 Bxd2 16. Nxd2 e5 17. Ne4 exd4 18. exd4 Rb8 19. Rfd1 Nd5 20. Nc3 N7f6 (20... Nb4 {keeps more tension.} 21. Na2 Na6 22. d5 Qf6 23. Qc3 Qxc3 24. Nxc3 Rfd8) 21. Nxd5 Nxd5 22. Bxd5 Qxd5 23. Qxd5 cxd5 $14 {[%mdl 4096] Endgame KRR-KRR} 24. Rac1 b5 {The position is equal.} 25. Rc5 bxa4 26. Rxd5 Rxb2 27. Rxa5 Rb4 28. d5 Rd8 29. Ra7 g6 30. Rd3 Rb5 31. d6 Rb6 32. Rf3 Rf8 33. d7 {[#] Threatens to win with Rxf7!} Rd8 34. Re3 {Black must now prevent Re8+.} Re6 35. Rxe6 fxe6 36. Rxa4 Rxd7 {Accuracy: White = 71%, Black = 68%.} 1/2-1/2